000 00301nam a2200133Ia 4500
008 150301s2015 xx 000 0 und d
082 _a615.1
_bP14G
100 _aA.K GUPTA
245 _aPHARMACEUTICS -|| (N P)
260 _bCBS- DELHI
300 _a231
650 _aPHARMACEUTICS
942 _2ddc
_cBK
999 _c7193
_d7193